Gotycka figura św. Elżbiety Turyńskiej z kościoła farnego pod wezwaniem św. Jana Chrzciciela w Malborku

Titel: Gotycka figura św. Elżbiety Turyńskiej z kościoła farnego pod wezwaniem św. Jana Chrzciciela w Malborku
Verfasser:
In: Rocznik Gdański, Band 54, Heft 1 (1994), Seite 79-85
alle Artikel anzeigen
Veröffentlicht: 1994
Format: Aufsatz
Sprache: Polnisch
Kein Bild verfügbar
X
alg: 39214432
001A    $01999:11-11-16 
001B    $03025:12-06-25 $t16:00:07.000 
001C    $06050:19-11-16 $t09:05:22.000 
001D    $01999:11-11-16 
001U    $0utf8 
001X    $00 
002@    $0Aox 
003@    $0392144328 
007A    $0392144328 $aHEB 
007T    $0Herd30530 
010@    $apol 
011@    $a1994 
021A    $aGotycka figura św. Elżbiety Turyńskiej z kościoła farnego pod wezwaniem św. Jana Chrzciciela w Malborku 
027A    $aDie gotische Figur der Hl. Elisabeth von Thüringen aus der Pfarrkirche St. Johannes des Täufer in Marienburg 
028A    $aPaszylka $dMałgorzata 
031A    $d54 $e1 $h79-85 $j1994 
037A    $aRes. 
039B    $aIn $8--Abvc--. Rocznik Gdański. - Gdańsk : Wydawn. Gdańskie, 1927-. - ISSN 0080-3456 $x199400000540001921 $9047550872 
045F    $a307.094382 $eDDC23BSB 
045F/01 $a307.09 
045F/03 $g4382 
045F/03 $g43832 
045T    $a9,10 $a8 
046C    $aDie gotische Figur der Hl. Elisabeth von Thüringen aus der Pfarrkirche St. Johannes des Täufer in Marienburg $bÜbers. des Hauptsacht. 

lok: 39214432 78

exp: 39214432 78 1 #EPN
201B/01 $011-01-18 $t23:05:47.000 
201U/01 $0utf8 
203@/01 $0788240404 
208@/01 $a11-11-16 $be 
209A/01 $a/ $f000 $x00 
220C/01 $aTitelaufnehmer: ra 
244Z/01 $2Trx $#Prusy Wschodnie i Zachodnie $8--Trx--Ost- und Westpreußen $x01 $939113373X 
244Z/01 $#Marienburg Westpreußen $71148108955 $8--Tg1--Malbork $x02 $9423704907 
244Z/01 $2Trx $#Erzsébet, Szent $#Elżbieta, św. $#Alžbeta Durýnska, sv. $#Alžběta Durynská, sv. $#Elisabeth von Ungarn $#Elisabeth von Thüringen $#Elżbieta z Arpadów $#Elżbieta Turyńska $#Árád-házi Szent Erzsébet $#Alžbeta Uhorská $#Alžbeta sv. $8--Trx--Elisabeth, hl.$Z1207-1231 $x03 $9390751804 
244Z/01 $2Trx $#skulptuur $#skulptūra $#Sculpture $#szobrászat $#rzeźba $#plastika $#plastika $#Skulptur $#sochy $#sochy $8--Trx--Plastik $x04 $9391364588 
244Z/01 $2Trx $#gootika $#gotika $#Gothic $#gótika $#gotyk $#gotika $#gotika $8--Trx--Gotik $x05 $9391357506 
244Z/01 $2Trx $#kunst, sakraalne $#sakralinis menas $#Art, sacred $#müvészet, szakrális $#sztuka sakralna $#umenie sakrálne $#umění sakrální $8--Trx--Kunst, sakrale $x06 $9391354639 
244Z/01 $2Trx $8--Trx--Zeitschriftenaufsatz $x07 $9391384341 
245Z/01 $a13.03 $x01 
245Z/01 $a11.10 $x02 
247C/01 $82080>Marburg/Lahn, Herder-Institut, Forschungsbibliothek, Bibliographieportal $9336309341
LEADER 00000caa a22000002c 4500
001 392144328
003 DE-603
005 20250612160007.0
007 tu
008 161111s1994 xx |||| | u00||u|pol c
035 |a (DE-599)HEB392144328 
040 |a DE-603  |b ger  |c DE-603  |d DE-603 
041 |a pol 
082 0 4 |8 1\u  |a 307.094382  |q DE-101  |2 23/BSB 
084 |a 9,10  |a 8  |2 ssgn 
085 |8 1\u  |b 307.09 
085 |8 1\u  |z 2  |s 4382 
085 |8 1\u  |z 2  |s 43832 
100 1 |a Paszylka, Małgorzata 
245 0 0 |a Gotycka figura św. Elżbiety Turyńskiej z kościoła farnego pod wezwaniem św. Jana Chrzciciela w Malborku 
246 1 |i Übers. des Hauptsacht.  |a Die gotische Figur der Hl. Elisabeth von Thüringen aus der Pfarrkirche St. Johannes des Täufer in Marienburg 
246 1 3 |a Die gotische Figur der Hl. Elisabeth von Thüringen aus der Pfarrkirche St. Johannes des Täufer in Marienburg 
264 0 |c 1994 
500 |a Res. 
773 0 8 |i In  |t Rocznik Gdański  |d Gdańsk : Wydawn. Gdańskie, 1927-  |x 0080-3456  |g Band 54, Heft 1 (1994), Seite 79-85  |w (DE-603)047550872  |w (DE-600)400807-8 
924 0 |9 2080  |a (DE-603)788240404  |b DE-2080  |c HES  |d d  |g /